[Event "Bratislava Slovakia op"]
[Site "Bratislava"]
[Date "2022.09.30"]
[Round "1"]
[White "Lecky, Juraj"]
[Black "Rehacek, Oldrich"]
[Result "1-0"]
[WhiteElo "2070"]
[BlackElo "1352"]
[PlyCount "43"]
[EventDate "2022.09.30"]
[EventType "swiss (rapid)"]
[EventRounds "9"]
[EventCountry "SVK"]
[SourceTitle "CBM 210 Extra"]
[Source "ChessBase"]
[SourceDate "2022.11.30"]
[SourceVersion "1"]
[SourceVersionDate "2022.11.30"]
[SourceQuality "1"]

1. d4 b6 2. e4 Bb7 3. Bd3 Nf6 4. Nc3 e6 5. Nf3 Bb4 6. Nd2 c5 7. Nb5 cxd4 8. c3 dxc3 9. bxc3 Be7 10. e5 Nd5 11. Ne4 0-0 12. Qh5 g6 13. Qh6 f5 14. Ng5 Bxg5 15. Bxg5 Qc8 16. Rc1 Na6 17. Nd6 Qc6 18. h4 Nc5 19. Bb5 Qc7 20. h5 Ne4 21. hxg6 Nxg5 22. Qxg5 1-0

[Event "Prague Golden op"]
[Site "Prague"]
[Date "2022.07.12"]
[Round "4"]
[White "Ptacnikova, Lenka"]
[Black "Rehacek, Oldrich"]
[Result "1-0"]
[WhiteElo "2066"]
[BlackElo "1337"]
[PlyCount "101"]
[EventDate "2022.07.09"]
[EventType "swiss"]
[EventRounds "9"]
[EventCountry "CZE"]
[SourceTitle "CBM 209 Extra"]
[Source "ChessBase"]
[SourceDate "2022.09.30"]
[SourceVersion "1"]
[SourceVersionDate "2022.09.30"]
[SourceQuality "1"]

1. g3 b6 2. Bg2 Nc6 3. d4 e6 4. e4 Bb7 5. Ne2 d5 6. e5 g6 7. Nd2 Nh6 8. Nf3 Nf5 9. Bg5 Be7 10. h4 h6 11. Bxe7 Qxe7 12. Qd2 0-0-0 13. 0-0-0 Qb4 14. c3 Qc4 15. Kb1 a5 16. Nc1 Qa6 17. Bf1 Qa8 18. Bd3 Nce7 19. h5 g5 20. g4 Ng7 21. Ne1 c5 22. f4 gxf4 23. Rf1 Nc6 24. Rxf4 Rd7 25. Nc2 Kc7 26. Rf6 Qg8 27. Rxh6 c4 28. Be2 b5 29. Rxh8 Qxh8 30. h6 Ne8 31. g5 Ne7 32. Ne3 Ng6 33. Rf1 Kd8 34. Bh5 Qg8 35. Ne2 Nh8 36. Ng4 Bc8 37. Kc1 Re7 38. Ng3 Bd7 39. Nh1 Bc8 40. Nhf2 Bb7 41. Nh3 Qh7 42. Qc2 Ng6 43. Nf6 Nxf6 44. Rxf6 Qg8 45. Bxg6 fxg6 46. Qxg6 Qxg6 47. Rxg6 Ke8 48. Rg8+ Kf7 49. h7 Re8 50. g6+ Ke7 51. Rxe8+ 1-0

[Event "Prague Golden op"]
[Site "Prague"]
[Date "2022.07.11"]
[Round "3"]
[White "Zacek, Petr1"]
[Black "Rehacek, Oldrich"]
[Result "1/2-1/2"]
[WhiteElo "1393"]
[BlackElo "1337"]
[PlyCount "69"]
[EventDate "2022.07.09"]
[EventType "swiss"]
[EventRounds "9"]
[EventCountry "CZE"]
[SourceTitle "CBM 209 Extra"]
[Source "ChessBase"]
[SourceDate "2022.09.30"]
[SourceVersion "1"]
[SourceVersionDate "2022.09.30"]
[SourceQuality "1"]

1. e4 b6 2. d4 Bb7 3. Nc3 e6 4. Nf3 Bb4 5. Bd3 Nf6 6. e5 Ne4 7. Bd2 Nxd2 8. Qxd2 d6 9. a3 Bxc3 10. bxc3 Nd7 11. 0-0 Bxf3 12. gxf3 dxe5 13. dxe5 Nxe5 14. Qe3 Qf6 15. Be4 Rd8 16. Rfd1 0-0 17. Rd4 c5 18. Ra4 Rd7 19. Kh1 Rfd8 20. Rg1 a5 21. f4 Ng6 22. Rg4 Rd1+ 23. Kg2 h5 24. Rxg6 fxg6 25. Qg3 Kf7 26. Bd3 Rd5 27. f5 gxf5 28. Be2 R1d2 29. Bxh5+ g6 30. Bf3 Rd6 31. Rh4 Kg7 32. Rh5 e5 33. Rg5 f4 34. Qh4 Qe7 35. Be4 1/2-1/2

[Event "Prague Golden op"]
[Site "Prague"]
[Date "2022.07.10"]
[Round "2"]
[White "Rehacek, Oldrich"]
[Black "Veselsky, Jan"]
[Result "1-0"]
[WhiteElo "1337"]
[BlackElo "1571"]
[PlyCount "107"]
[EventDate "2022.07.09"]
[EventType "swiss"]
[EventRounds "9"]
[EventCountry "CZE"]
[SourceTitle "CBM 209 Extra"]
[Source "ChessBase"]
[SourceDate "2022.09.30"]
[SourceVersion "1"]
[SourceVersionDate "2022.09.30"]
[SourceQuality "1"]

1. b3 d5 2. Bb2 Nf6 3. e3 Bf5 4. Nf3 e6 5. Be2 h6 6. 0-0 Nbd7 7. d4 Bd6 8. c4 c6 9. Nc3 0-0 10. cxd5 exd5 11. Bd3 Ne4 12. Qc2 Re8 13. Nd2 Qe7 14. Ncxe4 dxe4 15. Be2 Rad8 16. Nc4 Bc7 17. Rad1 Qh4 18. g3 Qg5 19. Qc3 Nf6 20. h4 Qg6 21. Ne5 Bxe5 22. dxe5 Nd5 23. Qa5 Qe6 24. Bc4 Bh3 25. Rfe1 Qf5 26. Bf1 Bg4 27. Rd2 Qg6 28. Be2 b6 29. Qa4 Be6 30. Red1 b5 31. Qa5 Rd7 32. Rc1 Bh3 33. Kh2 Bf5 34. Bf1 Red8 35. Rcd1 Bg4 36. Be2 Bxe2 37. Rxe2 Nb6 38. Red2 Qe6 39. Bd4 Qf5 40. Kg1 Nd5 41. Bb2 Qe6 42. Qa3 Qg4 43. Bd4 Qf3 44. Qb2 Qg4 45. Rc1 f6 46. exf6 Nxf6 47. Rxc6 Qf3 48. Qc1 Nd5 49. Rc8 Nb4 50. Rxd8+ Rxd8 51. Qc7 Qf8 52. Bxg7 Rc8 53. Bxf8 Rxc7 54. Bxb4 1-0

[Event "Skalica op-B"]
[Site "Skalica"]
[Date "2021.08.23"]
[Round "3"]
[White "Rehacek, Oldrich"]
[Black "Hyza, Michal"]
[Result "1-0"]
[WhiteElo "1293"]
[BlackElo "1000"]
[PlyCount "132"]
[EventDate "2021.08.21"]
[EventType "swiss"]
[EventRounds "9"]
[EventCountry "SVK"]
[SourceTitle "CBM 204 Extra"]
[Source "ChessBase"]
[SourceDate "2021.11.30"]
[SourceVersion "1"]
[SourceVersionDate "2021.11.30"]
[SourceQuality "1"]

1. b3 d6 2. Bb2 e5 3. e3 Nf6 4. c4 Nc6 5. d4 exd4 6. exd4 d5 7. Nf3 dxc4 8. bxc4 Bb4+ 9. Bc3 Bxc3+ 10. Nxc3 Qe7+ 11. Qe2 Qxe2+ 12. Bxe2 Bg4 13. Nb5 0-0-0 14. Ne5 Nxd4 15. Nxd4 Rxd4 16. f3 Be6 17. Kf2 Nd7 18. Nxd7 Kxd7 19. Rhd1 Rxd1 20. Rxd1+ Kc8 21. a4 Rd8 22. Rxd8+ Kxd8 23. Ke3 Kd7 24. g4 c5 25. f4 f5 26. g5 g6 27. Kd3 Kc6 28. Kc3 Kb6 29. Kb3 Ka5 30. Ka3 a6 31. h4 b6 32. Bf1 Bd7 33. Bg2 Bxa4 34. Bd5 b5 35. Bg8 Bd1 36. cxb5 axb5 37. Bxh7 Bh5 38. Bg8 c4 39. Bf7 b4+ 40. Kb2 c3+ 41. Kc2 Ka4 42. Bb3+ Ka3 43. Bf7 Bd1+ 44. Kc1 b3 45. Kxd1 Kb2 46. Bxb3 Kxb3 47. Kc1 Kc4 48. h5 Kd5 49. h6 Ke4 50. h7 Kxf4 51. h8Q Kxg5 52. Qxc3 Kg4 53. Kd2 g5 54. Qd4+ f4 55. Ke2 Kg3 56. Qg1+ Kh4 57. Kf3 Kh5 58. Qh1+ Kg6 59. Kg4 Kf6 60. Qc6+ Kg7 61. Kxg5 Kh8 62. Kxf4 Kg7 63. Qe6 Kh7 64. Qg4 Kh8 65. Kf5 Kh7 66. Kf6 Kh8 1-0

[Event "Pardubice Czech op-C 32nd"]
[Site "Pardubice"]
[Date "2021.07.25"]
[Round "3"]
[White "Petirova, Iva"]
[Black "Rehacek, Oldrich"]
[Result "1-0"]
[WhiteElo "1488"]
[BlackElo "1293"]
[PlyCount "87"]
[EventDate "2021.07.24"]
[EventType "swiss"]
[EventRounds "9"]
[EventCountry "CZE"]
[SourceTitle "EXT 2022"]
[Source "ChessBase"]
[SourceDate "2021.10.06"]
[SourceVersion "1"]
[SourceVersionDate "2021.10.06"]
[SourceQuality "1"]

1. e4 b6 2. d4 Bb7 3. Nc3 e6 4. Bd3 Nf6 5. Nge2 Be7 6. 0-0 0-0 7. e5 Nd5 8. Nxd5 Bxd5 9. Nf4 Bb7 10. Qh5 h6 11. Nh3 f5 12. Re1 Qe8 13. Qxe8 Rxe8 14. c3 c5 15. Be3 Nc6 16. Rac1 Rac8 17. a3 g5 18. f4 g4 19. Nf2 cxd4 20. cxd4 Na5 21. Bb5 Bc6 22. Bxc6 Rxc6 23. Rxc6 dxc6 24. Rc1 Rc8 25. Nd3 Nb7 26. Kf2 h5 27. Ke2 Kf7 28. h3 h4 29. Bf2 Na5 30. b4 Nb7 31. a4 Ke8 32. Rh1 g3 33. Be3 Kd7 34. Rc1 a5 35. Bd2 axb4 36. Bxb4 c5 37. dxc5 Bxc5 38. Bxc5 Nxc5 39. Nxc5+ Rxc5 40. Rxc5 bxc5 41. Kd3 Kc6 42. Kc4 Kb6 43. a5+ Kxa5 44. Kxc5 1-0